|
|
|
|
| LEADER |
01091nam a22002537a 4500 |
| 001 |
30698 |
| 003 |
BD-DhAAL |
| 005 |
20151220192447.0 |
| 008 |
151220s2015 bg a 000 m eng |
| 020 |
|
|
|a 9789849178132
|
| 040 |
|
|
|a BD-DhAAL
|c BD-DhAAL
|
| 082 |
0 |
4 |
|a 821.914
|2 23
|
| 245 |
1 |
0 |
|a World english poetry /
|c selected & edited by Sudeep Sen.
|
| 260 |
|
|
|a Dhaka, Bangladesh :
|b Bengal Publications ;
|c c2015.
|
| 300 |
|
|
|a 318 p. :
|b ill. ;
|c 22 cm.
|
| 526 |
|
|
|a ENH
|
| 541 |
|
|
|e 30698
|
| 650 |
|
0 |
|a Indic poetry (English)
|9 16868
|
| 650 |
|
0 |
|a World poetry (English)
|9 16870
|
| 700 |
1 |
|
|a Sen, Sudeep
|9 16869
|
| 942 |
|
|
|2 ddc
|c BK
|
| 999 |
|
|
|c 36420
|d 36420
|
| 952 |
|
|
|0 0
|1 0
|2 ddc
|4 0
|6 821_914000000000000_WOR
|7 0
|9 57297
|a BRACUL
|b BRACUL
|c GEN
|d 2015-12-20
|e Department of English and Humanities (ENH)
|g 500.00
|l 7
|m 37
|o 821.914 WOR
|p 3010030698
|r 2023-03-16
|s 2023-01-16
|t 1
|w 2015-12-20
|y BK
|
| 952 |
|
|
|0 0
|1 0
|2 ddc
|4 0
|6 821_914000000000000_WOR
|7 0
|9 57298
|a BRACUL
|b BRACUL
|c GEN
|d 2015-12-20
|e Department of English and Humanities (ENH)
|g 500.00
|l 6
|m 18
|o 821.914 WOR
|p 3010030699
|r 2026-05-19
|s 2026-04-08
|t 2
|w 2015-12-20
|y BK
|